| 000 | 00427nam a2200181Ia 4500 | ||
|---|---|---|---|
| 005 | 20250603144551.0 | ||
| 008 | 250603s9999 xx 000 0 und d | ||
| 020 | _a9780520245865 | ||
| 050 | _aPN 1992.6 .K55/ | ||
| 100 | _aKlinger, Barbara | ||
| 245 | 0 | _aBeyond the multiplex | |
| 260 | _aBerkeley | ||
| 260 | _bUniversity of California Press | ||
| 260 | _c2006 | ||
| 300 | _a10 p | ||
| 650 | _aBerkeley | ||
| 942 | _cBK | ||
| 999 |
_c39303 _d39303 |
||